000 00327nam a2200121Ia 4500
005 20251222143116.0
008 251222s9999||||xx |||||||||||||| ||spa||
082 _a338.09/B81
100 _aBravo Bresani, Jorge
245 0 _aEl Reto del PerĂº en la Perspectiva del Tercer Mundo
264 _bMoncloa-Campodonico
942 _cLIB
999 _c11351
_d11351